000 01532cam a22002651i 4500
003 SA-RiAUC
005 20251116140244.0
008 251113q19001999xx g 000 0dara c
040 _aSA-MaUQU
_bara
_cSA-RiAUC
_erda
082 0 4 _a235.2
_qSA-RiAUC
090 _a235.2
_bع ب د
100 1 _aالعبدلي، منصور بن عون بن منصور،
_d1365-1419 هجري
_eمؤلف.
245 1 2 _aالإمام مسلم بن الحجاج ومنهجه في كتابه الصحيح :
_bمحاضرة /
_cإعداد وإلقاء د. الشريف منصور بن عون العبدلي.
264 1 _a[مكان النشر غير محدد] :
_b[الناشر غير محدد]،
_c[بين 1900 و1999]
300 _a30 صفحة ؛
_c24 سم
336 _aنص
_btxt
_2rdacontent
_3كتاب
337 _aبدون وسيط
_bn
_2rdamedia
338 _aمجلد
_bnc
_2rdacarrier
600 1 7 _aالإمام مسلم، مسلم بن الحجاج بن مسلم،
_d204-261 هجري
_vمقالات ومحاضرات
_2aucnm
650 7 _aصحيح مسلم
_xشرح
_vمقالات ومحاضرات
_2aucsh
650 7 _aالحديث
_xالإسناد الصحيح
_vمقالات ومحاضرات
_2aucsh
700 1 2 _iشرح لـ (عمل) :
_aالإمام مسلم، مسلم بن الحجاج بن مسلم،
_d204-261 هجري.
_tالمسند الصحيح المختصر من السنن بنقل العدل عن العدل عن رسول الله صلى الله عليه وسلم
942 _2ddc
_cBOOK
_n0
949 _aSA-JeALM
_d251113
_umohamedma123
_n1
999 _c13293
_d13293